000 00869nam a2200265Ia 4500
003 OSt
005 20220928125048.0
006 a|||||r|||| 00| 0
007 ta
008 220927b |||||||| |||| 00| 0 eng d
020 _a9783030590345
_cEURO 49.99
024 _a146248
037 _b69, 20/12/2021, Classic Book Service
_cTextual
040 _aSDCL
_cSDCL
_beng
041 _2eng
_aeng
082 _aV2y7M69:g(Y), R0
100 _aKaul Chandrika Ed.
_9467872
245 0 _aM.K. Gandhi, media , politics and society
_b new perspectives
260 _aSwitzerland
_bPalgrave macmillan
_c2020
300 _axvii,168p.
_ccm.
490 _aPalgrave studies in the history of the media
650 _aEnglish
942 _hV2y7M69:g(Y), R0
_cTEXL
_2CC
999 _c780768
_d780768